000 00607nam a2200241 i 4500
001 C2-0078549
003 PPAK
005 20180727083200.0
008 970429s1992 enk |||| ||||| | eng d
020 _a034057447X
040 _aPPAK
_beng
_cPPAK
_erda
082 0 4 _a332.4
_223
090 0 0 _a332.4
_bLEW
_dG
100 1 _aLewis, Michael,
_eauthor
245 1 4 _aThe money culture
264 1 _aLondon :
_bCoronet Books ,
_c1992
300 _a238 pages ;
_c18 cm
336 _2rdacontent
_atext
337 _2rdamedia
_aunmediated
338 _2rdacarrier
_avolume
650 1 0 _aMoney
942 _ddc
_cB
999 _c13110
_d13110